[Event "DVM U20 2020"]
[Site "Willingen GER"]
[Date "2021.06.26"]
[Round "6"]
[White "Engländer, Leon Arne"]
[Black "Habersetzer, Elyse"]
[Result "1-0"]
[Termination "normal"]
[Board "8.6"]
[WhiteElo "1769"]
[BlackElo "1602"]
[WhiteClock "00:21:22"]
[BlackClock "00:42:28"]
[WhiteTeam "Biebertaler Schachfreunde"]
[BlackTeam "Schachklub Münster 32 e. V."]
[PlyCount "59"]
[WhiteFideId "12997226"]
[BlackFideId "16222288"]
[EventCountry "GER"]
[EventRounds "7"]
[EventType "team-swiss"]
[EventDate "2021.06.23"]

1. e4 {[%clk 01:30:56]} {[%emt 00:00:03]} e6 {[%clk 01:30:56]} {[%emt
00:00:05]} 2. Nc3 {[%clk 01:31:20]} {[%emt 00:00:07]} d5 {[%clk 01:30:54]}
{[%emt 00:00:32]} 3. Nf3 {[%clk 01:31:39]} {[%emt 00:00:09]} c5 {[%clk
01:30:15]} {[%emt 00:01:09]} 4. exd5 {[%clk 01:30:47]} {[%emt 00:01:23]} exd5
{[%clk 01:30:34]} {[%emt 00:00:10]} 5. Bb5+ {[%clk 01:30:44]} {[%emt 00:00:33]}
Bd7 {[%clk 01:30:13]} {[%emt 00:00:52]} 6. Qe2+ {[%clk 01:29:53]} {[%emt
00:01:21]} Be7 {[%clk 01:28:36]} {[%emt 00:02:07]} 7. Nxd5 {[%clk 01:29:35]}
{[%emt 00:00:49]} a6 {[%clk 01:28:11]} {[%emt 00:00:55]} 8. Bxd7+ {[%clk
01:28:49]} {[%emt 00:01:15]} Nxd7 {[%clk 01:28:09]} {[%emt 00:00:32]} 9. O-O
{[%clk 01:27:07]} {[%emt 00:02:12]} Kf8 {[%clk 01:22:53]} {[%emt 00:05:46]} 10.
Nxe7 {[%clk 01:26:27]} {[%emt 00:01:10]} Nxe7 {[%clk 01:22:25]} {[%emt
00:00:57]} 11. d4 {[%clk 01:25:10]} {[%emt 00:01:47]} Rc8 {[%clk 01:20:01]}
{[%emt 00:02:54]} 12. Re1 {[%clk 01:17:30]} {[%emt 00:08:11]} Nf5 {[%clk
01:17:58]} {[%emt 00:02:33]} 13. dxc5 {[%clk 01:12:16]} {[%emt 00:05:44]} Nxc5
{[%clk 01:15:33]} {[%emt 00:02:55]} 14. Bg5 {[%clk 01:06:54]} {[%emt 00:05:51]}
f6 {[%clk 01:11:45]} {[%emt 00:04:18]} 15. Rad1 {[%clk 01:04:33]} {[%emt
00:02:52]} Qc7 {[%clk 01:10:23]} {[%emt 00:01:52]} 16. Bd2 {[%clk 00:59:07]}
{[%emt 00:05:55]} b5 {[%clk 01:05:24]} {[%emt 00:05:30]} 17. g3 {[%clk
00:49:45]} {[%emt 00:09:52]} Kf7 {[%clk 01:03:19]} {[%emt 00:02:34]} 18. Bf4
{[%clk 00:49:44]} {[%emt 00:00:31]} Qe7 {[%clk 01:01:27]} {[%emt 00:02:23]} 19.
Ng5+ {[%clk 00:45:44]} {[%emt 00:04:31]} Kg6 {[%clk 00:59:43]} {[%emt
00:02:13]} 20. Ne6 {[%clk 00:42:10]} {[%emt 00:04:04]} Kf7 {[%clk 00:58:53]}
{[%emt 00:01:20]} 21. Ng5+ {[%clk 00:32:19]} {[%emt 00:10:22]} Kg6 {[%clk
00:58:47]} {[%emt 00:00:35]} 22. Qg4 {[%clk 00:30:38]} {[%emt 00:02:08]} h5
{[%clk 00:56:51]} {[%emt 00:02:28]} 23. Qf3 {[%clk 00:27:35]} {[%emt 00:03:31]}
Qa7 {[%clk 00:52:38]} {[%emt 00:04:45]} 24. Nh3 {[%clk 00:26:07]} {[%emt
00:01:58]} Qa8 {[%clk 00:50:00]} {[%emt 00:03:08]} 25. Qxa8 {[%clk 00:24:26]}
{[%emt 00:02:12]} Rxa8 {[%clk 00:50:25]} {[%emt 00:00:05]} 26. Rd5 {[%clk
00:23:10]} {[%emt 00:01:45]} Na4 {[%clk 00:48:24]} {[%emt 00:02:32]} 27. Bc1
{[%clk 00:21:39]} {[%emt 00:02:00]} Rae8 {[%clk 00:43:11]} {[%emt 00:05:44]}
28. Nf4+ {[%clk 00:21:34]} {[%emt 00:00:35]} Kf7 {[%clk 00:43:15]} {[%emt
00:00:26]} 29. Rd7+ {[%clk 00:21:04]} {[%emt 00:01:00]} Kf8 {[%clk 00:42:28]}
{[%emt 00:01:17]} 30. Ng6+ {[%clk 00:21:22]} {[%emt 00:00:11]} 1-0